000 00380nam a2200145Ia 4500
008 230917s9999||||xx |||||||||||||| ||und||
040 _e149226
_aMAIN
041 _aEnglish
082 _a658.8 M294M
100 _aMalhotra, Naresh K.
245 0 _aMarketing research: an applied orietnation
260 _aNew Delhi
_bPearson Education
_c2009
300 _a859p p.
942 _cBK
999 _c152624
_d152624